Catálogo

Vista normal Vista MARC

Entrada Personal Name

Número de registros utilizados en: 1

001 - CONTROL NUMBER

  • control field: 17412

003 - CONTROL NUMBER IDENTIFIER

  • control field: DLC

005 - DATE AND TIME OF LATEST TRANSACTION

  • control field: 20250828165002.0

008 - FIXED-LENGTH DATA ELEMENTS

  • fixed length control field: 820422n| azannaabn |a aaa

010 ## - LIBRARY OF CONGRESS CONTROL NUMBER

  • LC control number: n 82039424

035 ## - SYSTEM CONTROL NUMBER

  • System control number: (OCoLC)oca00736457

040 ## - CATALOGING SOURCE

  • Original cataloging agency: DLC
  • Language of cataloging: spa
  • Description conventions: rda
  • Transcribing agency: Mx-PuUPA
  • Modifying agency: DLC
  • Modifying agency: CSt
  • Modifying agency: Mx-PuUPA

046 ## - SPECIAL CODED DATES

  • Birth date: 1948

100 1# - HEADING--PERSONAL NAME

  • Personal name: Bloch, Arthur,
  • Dates associated with a name: 1948-

370 ## - ASSOCIATED PLACE

  • Place of birth: Los Ángeles, California

374 ## - OCCUPATION

  • Occupation: Autor

375 ## - GENDER

  • Gender: hombre

377 ## - ASSOCIATED LANGUAGE

  • Language code: eng

400 1# - SEE FROM TRACING--PERSONAL NAME

  • Personal name: Bloch, Arthur Richard,
  • Dates associated with a name: 1948-

670 ## - SOURCE DATA FOUND

  • Source citation: His Murphy's law, 1977.

670 ## - SOURCE DATA FOUND

  • Source citation: Info. from InMuB, Jan. 8, 2001
  • Information found: (email from author, Jan. 4, 2001 (Producer, Thinking Allowed Productions; I am in fact the same person who wrote the Murphy's Law books)